MESTSKÁ KNIŽNICA GIRALTOVCE  - online katalóg 

Metlobal v priebehu vekov (Record no. 7427)

000 -NÁVESTIE
fixed length control field 00865nam a2200253 a 4500
008 - ÚDAJE S PEVNOU DĹŽKOU – VŠEOBECNÉ INFORMÁCIE
fixed length control field 020509s2001 m yxo r 0 slo c
020 ## - MEDZINÁRODNÉ ŠTANDARDNÉ ČÍSLO KNIHY (ISBN)
Medzinárodné štandardné číslo knihy (ISBN) 8055102511
Údaje o dostupnosti 19
040 ## - ZDROJ KATALOGIZÁCIE
Pôvodná katalogizujúca agentúra SNK
Jazyk katalogizácie slo
Prepisujúca agentúra SNK
Konvencie popisu AACR2
041 1# - KÓD JAZYKA
Kód jazyka textu/zvukovej stopy alebo samostatných nápisov slo
Kód jazyka originálu a/alebo sprostredkujúcich prekladov textu eng
044 ## - KÓD KRAJINY VYDAVATEĽA/PRODUCENTA
Kód krajiny MARC xo
Kód krajiny ISO SK
080 ## - ČÍSLO MEDZINÁRODNÉHO DESATINNÉHO TRIEDENIA (MDT)
Číslo Medzinárodného desatinného triedenia (MDT) 796.31:133.4
080 ## - ČÍSLO MEDZINÁRODNÉHO DESATINNÉHO TRIEDENIA (MDT)
Číslo Medzinárodného desatinného triedenia (MDT) 133.4:796.31
100 1# - OSOBNÉ MENÁ – VŠEOBECNÉ INFORMÁCIE
Osobné meno Whisp, Kennilworthy
Kód roly aut
240 10 - UNIFIKOVANÝ NÁZOV
Unifikovaný názov Quidditch through the ages
Jazyk diela Slovensky
245 10 - NÁZOV
Názov Metlobal v priebehu vekov
Údaj o zodpovednosti atď. Kennilworthy Whisp ; [z anglického originálu preložil Martin Kasarda]
260 ## - VYDAVATEĽSKÉ ÚDAJE, DISTRIBÚCIA ATĎ.
Miesto publikovania, distribúcie atď. Bratislava
Názov vydavateľa, distibútora atď. IKAR
Dátum publikovania, distribúcie atď. 2001
300 ## - FYZICKÝ POPIS
Rozsah 71 s.
Ďalšie fyzické detaily ilustr.
Rozmery 20 cm
500 ## - VŠEOBECNÁ POZNÁMKA
Formátovaná poznámka o obsahu Údaj o prekl. prevzatý z rubu tit. strany
650 07 - PRIDANÝ VSTUP – PREDMET – TEMATICKÉ HESLO
Tematické heslo alebo geografický názov ako vstupný prvok metlobal
Všeobecný pododdiel hry športové čarodejnícke
-- príručky
Zdroj hesla alebo termínu SNK
700 1# - PRIDANÝ VSTUP – OSOBNÉ MENO
Osobné meno Kasarda, Martin
Kód roly trl
730 ## -
-- Quidditch through the ages
765 0# - VÄZBA NA PÔVODNÝ JAZYK
Názov Quidditch through the ages
Záhlavie hlavného vstupu Whisp, Kennilworthy
958 ## - Formálny deskriptor
Formálny deskriptor APP
Holdings
Stav stiahnutia (Blokovanie) (Withrawn status) Stav straty Zdroj klasifikácie pre skladovanie Stav poškodenia (Damaged status) Nie pre výpožičky (Not for loan) Spôsob nadobudnutia (Collection code) Trvalé umiestnenie Aktuálne umiestnenie Dátum nadobudnutia Náklady, bežná kúpna cena Inventárne číslo (prírastkové číslo) Celkom výpožičky Full call number Čiarový kód Dátum posledného výskytu Dátum poslednej výpôžičky Cena s účinnosťou od Typ jednotky Koha
          Kúpa Mestská knižnica Giraltovce Mestská knižnica Giraltovce 2019-11-29 19.00 06929 1 B1137 B1137 2022-07-06 2022-03-17 2019-11-29 Krásna literatúra pre dospelých

Powered by Koha